Statistics for Biblical People Whose Names Begin with B

Click here to take the quiz!

General Stats

  • This quiz has been taken 611 times
  • The average score is 6 of 14

Answer Stats

HintAnswer% Correct
Younger brother of JosephBenjamin
85%
He was pardoned instead of JesusBarabbas
80%
One of the 12 apostlesBartholemew
73%
Mother of SolomonBathsheba
70%
Early disciple who traveled with PaulBarnabas
69%
Father of Obed by RuthBoaz
59%
Rider of a talking donkeyBalaam
57%
Blind man healed by JesusBartimaeus
28%
Wife of JacobBilhah
19%
False prophet temporarily struck blindBar-Jesus
10%
Father of Rebekah and LabanBethuel
8%
Elderly Gileadite who supplied David's army against AbsalomBarzillai
7%
Wife of EsauBasemath
5%
Threw Jehoram's body into the field of NabothBidkar
0%

Score Distribution

Percentile by Number Answered

Percent of People with Each Score

Your Score History

You have not taken this quiz